Directorio de Bibliotecas Dominicanas: (Record no. 10034)

MARC details
000 -LEADER
campo de control de longitud fija 01738namaa22002411ia4500
003 - IDENTIFICADOR DE NÚMERO DE CONTROL
campo de control OSt
005 - FECHA Y HORA DE LA ÚLTIMA TRANSACCIÓN
campo de control 20250218102001.0
008 - DATOS DE LONGITUD FIJA--INFORMACIÓN GENERAL
campo de control de longitud fija 241024s2011 dr adcofdt po|01 0cspa
020 ## - NÚMERO INTERNACIONAL ESTÁNDAR DEL LIBRO
Número Internacional Estándar del Libro 978-99934-31-51-0
040 ## - FUENTE DE CATALOGACIÓN
Centro catalogador/agencia de origen CD004
Lengua de catalogación spa
Centro/agencia transcriptor CD004
Normas de descripción rda
082 04 - NÚMERO DE LA CLASIFICACIÓN DECIMAL DEWEY
Número de clasificación R/RD/027/B582d
Información de edición 21
110 ## - ENTRADA PRINCIPAL--NOMBRE DE ENTIDAD CORPORATIVA
Nombre de entidad corporativa o nombre de jurisdicción como elemento de entrada Biblioteca Nacional Pedro Henríquez Ureña (BNPHU)
245 #0 - MENCIÓN DEL TÍTULO
Título Directorio de Bibliotecas Dominicanas:
Resto del título Con el auspicio del Proyecto de Fortalecimiento de la Biblioteca Nacional y Red de Bibliotecas Públicas
Mención de responsabilidad, etc. Coodinadores : Yumarys Altagracia Polanco-Almonte ; Célida Álvarez Armenteros ; Dagoberto Ortiz
260 ## - PUBLICACIÓN, DISTRIBUCIÓN, ETC.
Nombre del editor, distribuidor, etc. Biblioteca Nacional Pedro Henríquez Ueeña
Fecha de publicación, distribución, etc. 2016
Lugar de publicación, distribución, etc. Santo Domingo:
300 ## - DESCRIPCIÓN FÍSICA
Extensión 450p
505 ## - NOTA DE CONTENIDO CON FORMATO
Nota de contenido con formato Tabla De Contenido<br/>Palabras Del director.13 - Palabras De La Coordinadora Del Proyecto... 15 -Introducción. 17- Sub-Directorio De Bibliotecas Públicas. 19 - Sub-Directorio De Bibliotecas Escolares. 91 - Sub-Directorio De Bibliotecas Especializadas. 343 - <br/>Sub-Directorio De Bibliotecas De Instituciones De Educación Superior. 377- Índice De Bibliotecas Por Orden Alfabética De La "A"<br/>A La "Z". 399 - Bibliografía. 441-Glosario. 445 <br/>Caracterización De Las Instituciones De Las Que Dependen Las Bibliotecas Dominicanas.449 <br/>
650 ## - PUNTO DE ACCESO ADICIONAL DE MATERIA--TÉRMINO DE MATERIA
Término de materia o nombre geográfico como elemento de entrada Bibliotecas Públicas - República Dominicana - Directorio- Bibliotecas Escolares. República Dominicana - Directorio- Bibliotecas Especializadas.- República Dominicana - Directorio- Bibliotecas De Instituciones- República Dominicana - Directorio-
700 ## - ENTRADA AGREGADA--NOMBRE PERSONAL
Nombre de persona Coodinadores : Yumarys Altagracia Polanco-Almonte
Fechas asociadas al nombre 1979
700 ## - ENTRADA AGREGADA--NOMBRE PERSONAL
Nombre de persona ; Célida Álvarez Armenteros
700 ## - ENTRADA AGREGADA--NOMBRE PERSONAL
Nombre de persona ; Dagoberto Ortiz
901 ## - ELEMENTOS DE DATOS A LOCAL LDA (RLIN)
a 28/2/2017 9:24:33 a.m.
942 ## - ELEMENTOS DE ENTRADA SECUNDARIOS (KOHA)
Fuente de la clasificación o esquema de estantería Clasificación Decimal Dewey
Tipo de ítem Koha Libros
Suprimir en OPAC No
Edición 21
Holdings
Estatus retirado Estado de pérdida Fuente de la clasificación o esquema de estantería Estado de daño No para préstamo Biblioteca de origen Biblioteca actual Fecha de adquisición Total de préstamos Signatura topográfica completa Visto por última vez Copia número Precio de reemplazo Tipo de ítem Koha Nota pública
    Clasificación Decimal Dewey     Biblioteca IDEICE Biblioteca IDEICE 21/11/2024   027.4 7293/B582d 27/01/2025 1 27/01/2025 Libros Directorio

© 2024. Todos los Derechos Reservados. Desarrollado por IDEICE